000 00254nam a2200097Ia 4500
001 720145
005 20250826163226.0
008 250824s9999 xx 000 0 und d
245 0 _aMUHTEŞEM YÜKSELİŞ
_cDURAN ÇETİN
260 _bKARATAY AKADEMİ YAYINLARI
999 _c720145
_d720145